000 01789nam a2200361 a 4500
001 ebr10071358
003 CaPaEBR
006 m u
007 cr cn|||||||||
008 010420s2001 dcuab sb 000 0 eng d
010 _z 2001117395
020 _z0309075548
040 _aCaPaEBR
_cCaPaEBR
035 _a(OCoLC)70773649
050 1 4 _aHD876
_b.G76 2001eb
082 0 4 _a333.73/095
_221
245 0 0 _aGrowing populations, changing landscapes
_h[electronic resource] :
_bstudies from India, China, and the United States /
_cIndian National Science Academy, Chinese Academy of Sciences, U.S. National Academy of Sciences.
260 _aWashington, D.C. :
_bNational Academy Press,
_cc2001.
300 _axxiii, 299 p. :
_bill., maps.
500 _a"This study was supported by Grant No. 95-31825A-POP/PCE and 96-41812A-WER between the National Academy of Sciences and John D. and Catherine T. MacArthur Foundation and Task Order #34, NO1-OD-4139 of the Dept. of Health and Human Services"--T.p. verso.
504 _aIncludes bibliographical references.
530 _aAlso available on the Internet.
533 _aElectronic reproduction.
_bPalo Alto, Calif. :
_cebrary,
_d2013.
_nAvailable via World Wide Web.
_nAccess may be limited to ebrary affiliated libraries.
650 0 _aLand use
_zIndia
_vCase studies.
650 0 _aLand use
_zChina
_vCase studies.
650 0 _aLand use
_zUnited States
_vCase studies.
651 0 _aIndia
_xPopulation
_vCase studies.
651 0 _aChina
_xPopulation
_vCase studies.
651 0 _aUnited States
_xPopulation
_vCase studies.
655 7 _aElectronic books.
_2local
710 2 _aebrary, Inc.
856 4 0 _uhttp://site.ebrary.com/lib/rucke/Doc?id=10071358
_zAn electronic book accessible through the World Wide Web; click to view
999 _c33184
_d33184